[Event "32nd GER-ch Seniors-50 2020"]
[Site "Magdeburg"]
[Date "2020.08.19"]
[Round "6.1"]
[White "Biebinger, Gerhard"]
[Black "Lundin, Jan"]
[Result "1/2-1/2"]
[WhiteElo "2226"]
[BlackElo "2321"]
[Annotator "ChessBase"]
[PlyCount "96"]
[EventDate "2020.08.14"]
[EventType "swiss"]
[EventCountry "GER"]
[SourceTitle "playchess.com"]
[Source "ChessBase"]
[SourceQuality "1"]
[TimeControl "40/5400+30:1800+30"]

1. d4 {[%emt 0:00:00]} d5 {[%emt 0:00:00]} 2. Nf3 {[%emt 0:00:00]} e6 {[%emt 0:00:00]} 3. c4 {[%emt 0:00:00]} c5 {[%emt 0:00:10]} 4. cxd5 {[%emt 0:00:00]} exd5 {[%emt 0:00:06]} 5. g3 {[%emt 0:00:04]} Nc6 {[%emt 0:00:21]} 6. Bg2 {[%emt 0:00:06]} c4 {[%emt 0:00:24]} 7. O-O {[%emt 0:01:30]} Bb4 {[%emt 0:00:13]} 8. Nc3 {[%emt 0:01:56]} Nge7 {[%emt 0:00:18]} 9. e4 {[%emt 0:00:44]} Bxc3 {[%emt 0:01:07]} 10. bxc3 {[%emt 0:00:02]} O-O {[%emt 0:00:20]} 11. Re1 {[%emt 0:18:23]} Qa5 {[%emt 0:07:53]} 12. exd5 {[%emt 0:12:16]} Nxd5 {[%emt 0:00:52]} 13. Bd2 {[%emt 0:00:10]} f6 {[%emt 0:17:08]} 14. Qb1 {[%emt 0:09:07]} Nb6 {[%emt 0:05:45]} 15. a4 {[%emt 0:14:07]} Bf5 {[%emt 0:09:18]} 16. Qb5 {[%emt 0:00:55]} a6 {[%emt 0:00:26]} 17. Qc5 {[%emt 0:03:27]} Bd3 {[%emt 0:23:15]} 18. Re6 {[%emt 0:04:08]} Qxc5 {[%emt 0:03:27]} 19. dxc5 {[%emt 0:00:03]} Nd7 {[%emt 0:00:28]} 20. Be3 {[%emt 0:00:39]} Rac8 {[%emt 0:05:00]} 21. Rd6 {[%emt 0:02:30]} Ncb8 {[%emt 0:05:26]} 22. Ne1 {[%emt 0:06:25]} Nxc5 {[%emt 0:00:48]} 23. Nxd3 {[%emt 0:01:34]} cxd3 {[%emt 0:00:25]} 24. Rb1 {[%emt 0:00:32]} Nbd7 {[%emt 0:01:07]} 25. Bxb7 {[%emt 0:00:52]} Rb8 {[%emt 0:01:55]} 26. Bd5+ {[%emt 0:00:49]} Kh8 {[%emt 0:00:04]} 27. Rxb8 {[%emt 0:00:58]} Rxb8 {[%emt 0:00:06]} 28. Bc6 {[%emt 0:01:48]} Ne5 {[%emt 0:03:05]} 29. Bxc5 {[%emt 0:02:09]} Nxc6 {[%emt 0:01:58]} 30. Rxd3 {[%emt 0:00:04]} Rc8 {[%emt 0:00:39]} 31. f4 {[%emt 0:02:33]} Kg8 {[%emt 0:00:51]} 32. Bb6 {[%emt 0:02:12]} g5 {[%emt 0:02:33]} 33. fxg5 {[%emt 0:03:04]} fxg5 {[%emt 0:01:28]} 34. Rd5 {[%emt 0:01:19]} h6 {[%emt 0:00:47]} 35. Kf2 {[%emt 0:01:23]} Kf7 {[%emt 0:01:50]} 36. Rd6 {[%emt 0:02:55]} h5 {[%emt 0:00:40]} 37. Ke2 {[%emt 0:01:35]} Re8+ {[%emt 0:02:49]} 38. Kd1 {[%emt 0:03:42]} Ne5 {[%emt 0:01:26]} 39. a5 {[%emt 0:01:54]} Nf3 {[%emt 0:01:04]} 40. h3 {[%emt 0:01:02]} Re1+ {[%emt 0:01:40]} 41. Kc2 {[%emt 0:31:30]} Rh1 {[%emt 0:04:59]} 42. Bc7 {[%emt 0:00:00]} Ke7 {[%emt 0:03:09]} 43. Rxa6 {[%emt 0:00:00]} Kd7 {[%emt 0:00:43]} 44. Bb8 {[%emt 0:00:00]} Kc8 {[%emt 0:02:12]} 45. Rb6 {[%emt 0:00:00]} Rxh3 {[%emt 0:08:57]} 46. a6 {[%emt 0:00:00]} Rh2+ {[%emt 0:00:16]} 47. Kd3 {[%emt 0:00:00]} Ra2 {[%emt 0:00:53]} 48. a7 {[%emt 0:00:00]} h4 {[%emt 0:02:09]} 1/2-1/2

[Event "32nd GER-ch Seniors-50 2020"]
[Site "Magdeburg"]
[Date "2020.08.19"]
[Round "6.2"]
[White "Pitschka, Claus"]
[Black "Pirrot, Dieter"]
[Result "1/2-1/2"]
[WhiteElo "2158"]
[BlackElo "2319"]
[Annotator "TA"]
[PlyCount "51"]
[EventDate "2020.08.14"]
[EventType "swiss"]
[EventCountry "GER"]
[SourceTitle "playchess.com"]
[Source "ChessBase"]
[SourceQuality "1"]

{[%evp 9,51,19,27,28,20,31,22,22,37,16,11,0,2,0,0,0,0,10,0,0,12,-33,-26,-41,-43,-34,-48,-50,0,0,0,0,0,0,0,0,0,0,0,0,3,2,114,106]} 1. d4 d5 2. Bf4 c5 3. e3 Nc6 4. c3 Qb6 5. Qb3 c4 6. Qc2 {D00: 1 d4 d5: Unusual lines.} e5 7. dxe5 Bf5 8. Qc1 {The position is equal.} ({Worse is} 8. Qxf5 Qxb2 9. e6 fxe6 $19) 8... g5 9. Bg3 h5 {[#] Hoping for ...h4.} 10. h3 Bg7 $36 {[%mdl 2048] Black fights for an advantage.} 11. Nf3 g4 12. hxg4 hxg4 13. Rxh8 Bxh8 14. Nd4 Nge7 15. Nd2 {[#]} Bxe5 $146 ({Predecessor:} 15... Nxe5 16. Bxe5 Bxe5 17. Nxf5 Nxf5 18. Qc2 Nd6 19. e4 g3 20. Nf3 gxf2+ 21. Qxf2 Nxe4 22. Qxb6 {0-1 (42) Eliagov,K (2268)-Postny,E (2601) Ramat Gan 2019}) 16. Bxe5 Nxe5 17. Nxf5 Nxf5 18. Qc2 Nd6 {Threatens to win with ...g3.} (18... Qf6 $5 {[%cal Rg4g3]} 19. e4 Nd6 $11) 19. O-O-O O-O-O 20. Qh7 f5 21. Be2 Qc7 22. Qh6 {Qe6+ is the strong threat.} Qe7 23. f3 Kb8 24. Nf1 gxf3 25. gxf3 Nb5 {[#]} (25... Nef7 $11 26. Qf4 Qe6) 26. Ng3 $1 {Accuracy: White = 95%, Black = 85%.} 1/2-1/2

[Event "32nd GER-ch Seniors-50 2020"]
[Site "Magdeburg"]
[Date "2020.08.19"]
[Round "6.3"]
[White "Metz, Hartmut"]
[Black "Koehler, Gerhard"]
[Result "0-1"]
[WhiteElo "2209"]
[BlackElo "2213"]
[Annotator "ChessBase"]
[PlyCount "87"]
[EventDate "2020.08.14"]
[EventType "swiss"]
[EventCountry "GER"]
[SourceTitle "playchess.com"]
[Source "ChessBase"]
[SourceQuality "1"]
[TimeControl "40/5400+30:1800+30"]

1. e4 {[%emt 0:00:00]} c6 {[%emt 0:00:00]} 2. d4 {[%emt 0:00:12]} d5 {[%emt 0:00:00]} 3. Nc3 {[%emt 0:01:00]} dxe4 {[%emt 0:00:06]} 4. Nxe4 {[%emt 0:00:02]} Nf6 {[%emt 0:00:18]} 5. Ng3 {[%emt 0:03:13]} g6 {[%emt 0:01:14]} 6. c3 {[%emt 0:01:44]} Bg7 {[%emt 0:01:25]} 7. Nf3 {[%emt 0:00:06]} O-O {[%emt 0:01:38]} 8. Bc4 {[%emt 0:03:16]} Nbd7 {[%emt 0:06:10]} 9. O-O {[%emt 0:00:17]} b5 {[%emt 0:04:21]} 10. Bd3 {[%emt 0:03:36]} a6 {[%emt 0:01:27]} 11. a4 {[%emt 0:01:36]} Bb7 {[%emt 0:00:16]} 12. Re1 {[%emt 0:01:33]} Re8 {[%emt 0:01:54]} 13. Qe2 {[%emt 0:09:44]} Qc7 {[%emt 0:05:21]} 14. Bd2 {[%emt 0:15:21]} Nb6 {[%emt 0:03:03]} 15. a5 {[%emt 0:01:33]} Nbd7 {[%emt 0:01:56]} 16. b4 {[%emt 0:03:15]} Nd5 {[%emt 0:01:47]} 17. Ne5 {[%emt 0:03:37]} Nxe5 {[%emt 0:01:28]} 18. dxe5 {[%emt 0:00:01]} c5 {[%emt 0:00:53]} 19. Rac1 {[%emt 0:00:12]} c4 {[%emt 0:00:55]} 20. Bb1 {[%emt 0:04:28]} Rad8 {[%emt 0:04:21]} 21. f4 {[%emt 0:00:26]} f5 {[%emt 0:08:41]} 22. Nf1 {[%emt 0:22:57]} e6 {[%emt 0:05:48]} 23. Qf2 {[%emt 0:00:44]} Bf8 {[%emt 0:02:08]} 24. Re2 {[%emt 0:02:13]} Rd7 {[%emt 0:01:40]} 25. Ne3 {[%emt 0:00:53]} Rg7 {[%emt 0:10:11]} 26. Nxd5 {[%emt 0:01:28]} Bxd5 {[%emt 0:00:09]} 27. Be3 {[%emt 0:04:15]} h6 {[%emt 0:06:15]} 28. Rd1 {[%emt 0:03:43]} Qc6 {[%emt 0:04:56]} 29. h4 {[%emt 0:04:07]} Be7 {[%emt 0:01:19]} 30. Rd4 {[%emt 0:02:48]} Rf8 {[%emt 0:02:17]} 31. Kf1 {[%emt 0:00:29]} g5 {[%emt 0:03:23]} 32. hxg5 {[%emt 0:00:19]} hxg5 {[%emt 0:00:02]} 33. fxg5 {[%emt 0:00:34]} Bxg5 {[%emt 0:00:19]} 34. Bxg5 {[%emt 0:00:15]} Rxg5 {[%emt 0:00:13]} 35. Rh4 {[%emt 0:05:21]} Rf7 {[%emt 0:12:03]} 36. g3 {[%emt 0:00:16]} Rfg7 {[%emt 0:01:27]} 37. Re3 {[%emt 0:00:01]} Qe8 {[%emt 0:02:21]} 38. Qh2 {[%emt 0:00:41]} Kf7 {[%emt 0:02:04]} 39. Rh8 {[%emt 0:00:56]} Qe7 {[%emt 0:01:24]} 40. Rh6 {[%emt 0:00:17]} Ke8 {[%emt 0:01:46]} 41. Rh8+ {[%emt 0:08:59]} Rg8 {[%emt 0:05:58]} 42. Bc2 {[%emt 0:09:43]} Qf8 {[%emt 0:09:40]} 43. Rh4 {[%emt 0:03:23]} Rg4 {[%emt 0:03:32]} 44. Bd1 {[%emt 0:03:53]} 0-1

[Event "32nd GER-ch Seniors-50 2020"]
[Site "Magdeburg"]
[Date "2020.08.19"]
[Round "6.4"]
[White "Schatz, Christian"]
[Black "Becker, Michael"]
[Result "1/2-1/2"]
[WhiteElo "2162"]
[BlackElo "2275"]
[Annotator "TA"]
[PlyCount "73"]
[EventDate "2020.08.14"]
[EventType "swiss"]
[EventCountry "GER"]
[SourceTitle "playchess.com"]
[Source "ChessBase"]
[SourceQuality "1"]

{[%evp 22,73,-17,-11,-19,-22,-12,-19,-25,-22,-12,-16,-6,-24,-23,-23,-24,-29,-26,-26,-24,-30,-5,-20,-22,-22,-22,-38,0,-18,0,0,0,0,60,-53,-46,-100,-114,-104,-119,-122,0,0,0,0,375,352,358,341,341,350,271,0]} 1. Nf3 c5 2. c4 Nc6 3. Nc3 g6 4. g3 Bg7 5. Bg2 d6 6. O-O e5 7. d3 Nge7 8. a3 O-O 9. Rb1 a5 10. Ne1 Be6 11. Nd5 Rb8 12. Bd2 b5 {A37: Symmetrical English vs ...g6: 4 Bg2 Bg7 5 Nf3.} 13. cxb5 Rxb5 14. Nxe7+ Nxe7 {The position is equal.} 15. b4 axb4 16. axb4 cxb4 {White must now prevent ...b3.} 17. Rxb4 Rxb4 18. Bxb4 Qb6 19. Qd2 Nd5 {[#]} 20. Ba3 $146 ({Predecessor:} 20. Ba5 Qb5 21. e4 Ne7 22. Bb4 Rd8 23. Ba5 Ra8 24. Bb4 {½-½ (24) Gollasch,T (2100)-Knops,P (2025) Pinneberg 2008}) 20... Rc8 21. Nf3 Rc3 22. Bb2 Rb3 23. Ba1 h6 24. Qa2 Kh7 25. Nd2 Nc3 26. Bxc3 $1 Rxc3 27. Bd5 $1 {[%cal Rd5e6]} Bh3 (27... Qc7 $11 28. Bxe6 Rc2) 28. Rb1 ({White should try} 28. Bxf7 $14 Bxf1 29. Qe6) 28... Qc5 $15 29. Nf1 (29. Bb3 $15) 29... Rc2 $1 $17 {[%cal Rc2a2]} 30. Qa8 Rxe2 31. Ne3 Be6 (31... Qc3 $17 {( -> ...Qe1+!)} 32. Qa1 Qxa1 33. Rxa1 e4 $1 {[%mdl 512]}) 32. Bxe6 $11 fxe6 33. Rb7 $40 {[%mdl 128] And now Qf8! would win. White attacks.} d5 $2 {[%mdl 8192]} (33... Rxe3 $11 {and Black is okay.} 34. fxe3 Qxe3+ {[%mdl 64] Double Attack} 35. Kg2 Qe2+ 36. Kg1 Qe1+ 37. Kg2 Qd2+ 38. Kg1 Qe1+ 39. Kg2 Qe2+ 40. Kg1 Qe3+ 41. Kg2 Qd2+ 42. Kg1 Qe3+) 34. Ng4 $18 {[%cal Rg4f6]} h5 {[#]} 35. Nf6+ $1 Kh6 36. Ng8+ Kh7 ({Worse is} 36... Kg5 37. Qd8+ Qe7 38. Qxe7+ Kf5 39. Qf7+ Kg5 40. h4+ Kg4 41. Qxg6+ Kh3 42. Qxe6#) 37. Nf6+ $2 {Accuracy: White = 80%, Black = 76%.} (37. Rf7 $18 Rxf2 38. Rxf2) 1/2-1/2

[Event "32nd GER-ch Seniors-50 2020"]
[Site "Magdeburg"]
[Date "2020.08.19"]
[Round "6.5"]
[White "Vatter, Hans-Joachim"]
[Black "Stahr, Ralf-Peter"]
[Result "1-0"]
[WhiteElo "2204"]
[BlackElo "2137"]
[Annotator "ChessBase"]
[PlyCount "107"]
[EventDate "2020.08.14"]
[EventType "swiss"]
[EventCountry "GER"]
[SourceTitle "playchess.com"]
[Source "ChessBase"]
[SourceQuality "1"]
[TimeControl "40/5400+30:1800+30"]

1. e4 {[%emt 0:00:00]} c5 {[%emt 0:00:11]} 2. Nf3 {[%emt 0:00:00]} Nc6 {[%emt 0:00:09]} 3. Bb5 {[%emt 0:00:15]} e6 {[%emt 0:00:25]} 4. Bxc6 {[%emt 0:00:12]} bxc6 {[%emt 0:00:10]} 5. d3 {[%emt 0:00:12]} Ne7 {[%emt 0:00:11]} 6. O-O {[%emt 0:00:10]} Ng6 {[%emt 0:00:23]} 7. Ng5 {[%emt 0:01:05]} f6 {[%emt 0:03:37]} 8. Nh3 {[%emt 0:01:02]} d5 {[%emt 0:00:53]} 9. f4 {[%emt 0:05:16]} dxe4 {[%emt 0:03:30]} 10. dxe4 {[%emt 0:01:07]} Qd4+ {[%emt 0:00:22]} 11. Nf2 {[%emt 0:01:13]} Ba6 {[%emt 0:01:21]} 12. c3 {[%emt 0:00:48]} Qd6 {[%emt 0:01:47]} 13. e5 {[%emt 0:03:29]} Qd5 {[%emt 0:09:37]} 14. Re1 {[%emt 0:03:47]} Kf7 {[%emt 0:02:31]} 15. Qh5 {[%emt 0:05:30]} Bd3 {[%emt 0:05:14]} 16. Nxd3 {[%emt 0:04:20]} Qxd3 {[%emt 0:00:08]} 17. Nd2 {[%emt 0:04:25]} Be7 {[%emt 0:08:09]} 18. Ne4 {[%emt 0:08:50]} f5 {[%emt 0:00:25]} 19. Nf2 {[%emt 0:00:48]} Qc4 {[%emt 0:06:10]} 20. Qe2 {[%emt 0:09:04]} Qxe2 {[%emt 0:09:53]} 21. Rxe2 {[%emt 0:00:12]} c4 {[%emt 0:01:34]} 22. Be3 {[%emt 0:00:19]} Rhd8 {[%emt 0:00:44]} 23. Rd1 {[%emt 0:01:17]} Rd5 {[%emt 0:01:37]} 24. Red2 {[%emt 0:00:16]} a6 {[%emt 0:01:34]} 25. Rd4 {[%emt 0:06:44]} Rad8 {[%emt 0:01:24]} 26. Kf1 {[%emt 0:01:04]} Rxd4 {[%emt 0:04:48]} 27. Rxd4 {[%emt 0:00:45]} Rxd4 {[%emt 0:00:30]} 28. cxd4 {[%emt 0:00:03]} Bb4 {[%emt 0:01:12]} 29. Ke2 {[%emt 0:09:37]} c3 {[%emt 0:06:37]} 30. bxc3 {[%emt 0:11:02]} Bxc3 {[%emt 0:00:07]} 31. Nd3 {[%emt 0:00:09]} a5 {[%emt 0:03:36]} 32. Nc5 {[%emt 0:03:22]} Bb4 {[%emt 0:02:32]} 33. Nb7 {[%emt 0:03:03]} Ke8 {[%emt 0:04:01]} 34. g3 {[%emt 0:01:38]} Ne7 {[%emt 0:07:40]} 35. Bd2 {[%emt 0:03:49]} Nd5 {[%emt 0:04:11]} 36. Nxa5 {[%emt 0:00:09]} Bxa5 {[%emt 0:00:22]} 37. Bxa5 {[%emt 0:00:02]} Kd7 {[%emt 0:01:20]} 38. Kd3 {[%emt 0:00:41]} g6 {[%emt 0:00:47]} 39. a4 {[%emt 0:03:33]} h6 {[%emt 0:06:09]} 40. Bd2 {[%emt 0:06:01]} Nc7 {[%emt 0:00:40]} 41. Bb4 {[%emt 0:07:39]} Na6 {[%emt 0:00:37]} 42. Bf8 {[%emt 0:00:12]} h5 {[%emt 0:00:17]} 43. Bd6 {[%emt 0:00:11]} Ke8 {[%emt 0:01:12]} 44. Ke3 {[%emt 0:01:36]} Kf7 {[%emt 0:00:51]} 45. Kf3 {[%emt 0:00:14]} Kg7 {[%emt 0:00:34]} 46. Kg2 {[%emt 0:00:17]} Kh6 {[%emt 0:00:20]} 47. Be7 {[%emt 0:00:46]} Nc7 {[%emt 0:06:46]} 48. Kh3 {[%emt 0:02:19]} Nd5 {[%emt 0:01:02]} 49. Bf8+ {[%emt 0:00:27]} Kh7 {[%emt 0:00:11]} 50. Bd6 {[%emt 0:02:02]} Kh6 {[%emt 0:05:00]} 51. Bf8+ {[%emt 0:04:00]} Kh7 {[%emt 0:00:02]} 52. Kh4 {[%emt 0:00:10]} Kg8 {[%emt 0:04:04]} 53. Bc5 {[%emt 0:01:01]} Kg7 {[%emt 0:01:06]} 54. Kg5 {[%emt 0:00:35]} 1-0

[Event "32nd GER-ch Seniors-50 2020"]
[Site "Magdeburg"]
[Date "2020.08.19"]
[Round "6.6"]
[White "Kahe, Ralph"]
[Black "Loew, Gerald"]
[Result "1/2-1/2"]
[WhiteElo "2165"]
[BlackElo "2152"]
[Annotator "TA"]
[PlyCount "86"]
[EventDate "2020.08.14"]
[EventType "swiss"]
[EventCountry "GER"]
[SourceTitle "playchess.com"]
[Source "ChessBase"]
[SourceQuality "1"]

{[%evp 10,86,25,1,1,16,2,0,16,14,22,20,15,18,28,0,0,0,27,38,118,17,20,12,17,-17,-16,-17,-16,-18,0,0,0,0,0,-15,8,-12,-9,-18,0,0,0,0,0,0,0,0,36,0,0,0,34,46,37,34,45,0,0,0,0,0,0,0,0,0,0,0,0,0,0,0,0,0,0,0,0,0,0]} 1. d4 d6 2. e4 Nf6 3. f3 e5 4. d5 Be7 5. Be3 O-O 6. Qd2 c6 {B07: Pirc Defence: Miscellaneous Systems.} 7. c4 b5 8. Nc3 bxc4 9. Bxc4 Bb7 10. Nge2 Nbd7 11. dxc6 Bxc6 {[#]} 12. Rd1 $146 ({Predecessor:} 12. O-O Nb6 13. Bxb6 Qxb6+ 14. Kh1 Rac8 15. b3 Bd7 16. Ng3 g6 17. Rac1 Be6 18. Na4 {1-0 (37) Alterman,B (2600)-Lukin,A (2445) Rostov on Don 1993}) 12... Nb6 13. Bb3 Rc8 14. O-O Qd7 ({Better is} 14... Bd7 $14) 15. Rc1 (15. Ng3 $16) 15... Qb7 $11 16. Rfd1 Rfd8 17. Nd5 Nfxd5 18. exd5 Bb5 19. Nc3 Bd7 (19... Nc4 {keeps more tension.} 20. Bxc4 Bxc4 21. b3 Ba6 22. Na4 f5) 20. Ne4 Rxc1 21. Rxc1 Rc8 22. Rc3 h6 23. g4 Rxc3 24. Nxc3 Qc8 25. Qe2 f5 26. gxf5 Bxf5 27. Bc2 Bxc2 28. Qxc2 Qh3 29. Qg2 Qh4 $1 {[%cal Rh4e1] [#] ...Qe1+ is the strong threat.} 30. Qe2 Bg5 31. Bxb6 axb6 32. Ne4 Bf4 33. Nxd6 Qd8 {The position is equal.} 34. Ne4 {[#] aiming for d6.} Qxd5 35. b3 Kh8 36. Kg2 Qf7 37. Qf2 Qg6+ 38. Kh1 Qc6 39. Qb2 Qd5 40. Qc2 Qd4 41. Kg2 Qa1 42. a4 Be3 43. Nf2 Qe1 {Accuracy: White = 84%, Black = 87%.} 1/2-1/2

[Event "32nd GER-ch Seniors-50 2020"]
[Site "Magdeburg"]
[Date "2020.08.19"]
[Round "6.7"]
[White "Lindam, Ingo"]
[Black "Zuehlke, Burkhard"]
[Result "0-1"]
[WhiteElo "2142"]
[BlackElo "2005"]
[Annotator "ChessBase"]
[PlyCount "133"]
[EventDate "2020.08.14"]
[EventType "swiss"]
[EventCountry "GER"]
[SourceTitle "playchess.com"]
[Source "ChessBase"]
[SourceQuality "1"]
[TimeControl "40/5400+30:1800+30"]

1. d4 {[%emt 0:00:00]} g6 {[%emt 0:00:00]} 2. e4 {[%emt 0:00:00]} d6 {[%emt 0:00:00]} 3. Bc4 {[%emt 0:02:18]} Nf6 {[%emt 0:01:25]} 4. Qe2 {[%emt 0:01:11]} c6 {[%emt 0:26:16]} 5. Bb3 {[%emt 0:04:35]} Bg7 {[%emt 0:02:57]} 6. Nf3 {[%emt 0:02:48]} O-O {[%emt 0:03:01]} 7. h3 {[%emt 0:04:56]} e5 {[%emt 0:01:14]} 8. dxe5 {[%emt 0:05:09]} dxe5 {[%emt 0:03:41]} 9. Bd2 {[%emt 0:00:20]} Qe7 {[%emt 0:03:41]} 10. g4 {[%emt 0:09:05]} Na6 {[%emt 0:05:51]} 11. Bc3 {[%emt 0:03:02]} Nd7 {[%emt 0:00:27]} 12. Nbd2 {[%emt 0:03:06]} Ndc5 {[%emt 0:01:02]} 13. Nc4 {[%emt 0:02:33]} Nxb3 {[%emt 0:10:17]} 14. axb3 {[%emt 0:00:16]} f6 {[%emt 0:00:13]} 15. Rd1 {[%emt 0:11:15]} Nc7 {[%emt 0:05:29]} 16. Nd6 {[%emt 0:06:26]} Ne6 {[%emt 0:00:28]} 17. Nxc8 {[%emt 0:00:21]} Rfxc8 {[%emt 0:01:15]} 18. O-O {[%emt 0:02:52]} b5 {[%emt 0:04:49]} 19. Rfe1 {[%emt 0:13:45]} Nf4 {[%emt 0:05:00]} 20. Qf1 {[%emt 0:02:00]} Rd8 {[%emt 0:02:20]} 21. Kh2 {[%emt 0:00:55]} Ne6 {[%emt 0:01:19]} 22. Ba5 {[%emt 0:01:22]} Rxd1 {[%emt 0:01:42]} 23. Rxd1 {[%emt 0:00:01]} Bf8 {[%emt 0:04:31]} 24. b4 {[%emt 0:06:24]} Re8 {[%emt 0:03:00]} 25. Qd3 {[%emt 0:01:18]} Qb7 {[%emt 0:05:38]} 26. c4 {[%emt 0:04:40]} Nf4 {[%emt 0:01:56]} 27. Qc2 {[%emt 0:05:52]} c5 {[%emt 0:01:22]} 28. bxc5 {[%emt 0:01:19]} b4 {[%emt 0:01:06]} 29. Rd8 {[%emt 0:03:54]} Rxd8 {[%emt 0:00:20]} 30. Bxd8 {[%emt 0:00:01]} Kf7 {[%emt 0:00:18]} 31. g5 {[%emt 0:01:00]} Qd7 {[%emt 0:00:42]} 32. Kg1 {[%emt 0:01:24]} Qxd8 {[%emt 0:00:17]} 33. Qa4 {[%emt 0:00:24]} Bxc5 {[%emt 0:00:30]} 34. Qc6 {[%emt 0:00:18]} Qd6 {[%emt 0:01:01]} 35. Qb7+ {[%emt 0:00:38]} Qe7 {[%emt 0:00:17]} 36. Qc8 {[%emt 0:00:11]} Kg7 {[%emt 0:02:39]} 37. gxf6+ {[%emt 0:00:12]} Kxf6 {[%emt 0:01:37]} 38. Qh8+ {[%emt 0:00:29]} Qg7 {[%emt 0:00:01]} 39. Qd8+ {[%emt 0:02:22]} Qe7 {[%emt 0:00:51]} 40. Qh8+ {[%emt 0:00:24]} Qg7 {[%emt 0:00:15]} 41. Qd8+ {[%emt 0:30:05]} Be7 {[%emt 0:04:27]} 42. Qc7 {[%emt 0:00:00]} g5 {[%emt 0:13:08]} 43. Nxe5 {[%emt 0:00:00]} h5 {[%emt 0:03:18]} 44. Nc6 {[%emt 0:00:00]} Ng6 {[%emt 0:02:40]} 45. Qxa7 {[%emt 0:00:00]} Bd6 {[%emt 0:01:11]} 46. Qd4+ {[%emt 0:00:00]} Be5 {[%emt 0:02:08]} 47. Qd8+ {[%emt 0:00:00]} Kf7 {[%emt 0:00:05]} 48. Qd5+ {[%emt 0:00:00]} Kf8 {[%emt 0:00:22]} 49. Qd8+ {[%emt 0:00:00]} Kf7 {[%emt 0:00:07]} 50. Qd5+ {[%emt 0:00:00]} Kf6 {[%emt 0:00:26]} 51. Qd8+ {[%emt 0:00:00]} Ne7 {[%emt 0:00:02]} 52. Nxb4 {[%emt 0:01:01]} g4 {[%emt 0:01:18]} 53. Nd5+ {[%emt 0:00:54]} Ke6 {[%emt 0:00:59]} 54. Qxe7+ {[%emt 0:02:51]} Qxe7 {[%emt 0:00:03]} 55. Nxe7 {[%emt 0:00:05]} Kxe7 {[%emt 0:00:08]} 56. b4 {[%emt 0:00:19]} Kd6 {[%emt 0:00:28]} 57. Kg2 {[%emt 0:00:13]} Kc6 {[%emt 0:00:52]} 58. Kf1 {[%emt 0:02:34]} Bc7 {[%emt 0:01:06]} 59. Kg2 {[%emt 0:00:09]} Kd7 {[%emt 0:00:07]} 60. Kf1 {[%emt 0:01:55]} Bf4 {[%emt 0:02:57]} 61. Kg2 {[%emt 0:00:09]} Kd6 {[%emt 0:00:15]} 62. hxg4 {[%emt 0:00:57]} hxg4 {[%emt 0:00:13]} 63. f3 {[%emt 0:00:41]} g3 {[%emt 0:00:07]} 64. Kh3 {[%emt 0:00:27]} Ke5 {[%emt 0:00:19]} 65. c5 {[%emt 0:00:19]} Kd4 {[%emt 0:00:30]} 66. c6 {[%emt 0:00:36]} Kc4 {[%emt 0:00:11]} 67. Kg4 {[%emt 0:00:38]} 0-1

[Event "32nd GER-ch Seniors-50 2020"]
[Site "Magdeburg"]
[Date "2020.08.19"]
[Round "6.8"]
[White "Noldt, Torsten"]
[Black "Namyslo, Holger"]
[Result "1/2-1/2"]
[WhiteElo "2002"]
[BlackElo "2149"]
[Annotator "TA"]
[PlyCount "59"]
[EventDate "2020.08.14"]
[EventType "swiss"]
[EventCountry "GER"]
[SourceTitle "playchess.com"]
[Source "ChessBase"]
[SourceQuality "1"]

{[%evp 11,59,-18,-17,-22,-5,-44,-44,-85,-58,-59,-68,-82,-84,-83,-77,-81,-50,-60,-51,-80,-12,-14,4,16,17,12,95,68,68,67,88,85,79,84,208,203,197,174,235,155,168,114,121,116,122,115,106,112,107,116]} 1. Nf3 d5 2. c4 d4 3. g3 Nc6 4. Bg2 e5 5. d3 Bb4+ 6. Bd2 a5 7. O-O {A09: Réti Opening: 1 Nf3 d5 2 c4.} Nf6 8. a3 Be7 9. b3 {Black is slightly better.} h6 10. Qc2 {[#]} O-O $146 ({Predecessor:} 10... Bf5 11. Qb2 e4 12. dxe4 Nxe4 13. Ne1 O-O 14. Nd3 Re8 15. Rd1 Bf6 16. Be1 Qe7 {0-1 (26) Barash,D (2240)-Lev,R (2390) Israel 1988}) 11. Ra2 Re8 12. Rb2 Bf8 13. b4 axb4 14. axb4 e4 15. dxe4 Rxe4 (15... Nxe4 $17 16. b5 Nb8) 16. b5 $11 Nb8 17. Bf4 Bf5 {[#] ...Rxf4! is the strong threat.} 18. Qd2 Bd6 (18... c5 $11) 19. Bxd6 Qxd6 20. Rd1 {[%cal Rf3d4]} c5 21. bxc6 Nxc6 22. Rxb7 Rae8 {[#]} (22... Ree8 $16) 23. Nc3 $1 $18 {[%mdl 512]} Bc8 (23... dxc3 24. Qxd6) 24. Rb5 ({Stronger than} 24. Nxe4 Nxe4 25. Qb2 Bxb7 $11) 24... Ba6 (24... Qe7 $142) 25. Nxe4 Nxe4 26. Qb2 (26. Qf4 $18 Qxf4 27. gxf4) 26... Nc3 $16 {White is better.} 27. Rd2 {aiming for Rb6.} ({Wrong is} 27. Qxc3 $2 dxc3 28. Rxd6 c2 $19) 27... Nxb5 28. cxb5 Rb8 29. Nxd4 Nxd4 30. Rxd4 {Accuracy: White = 69%, Black = 63%.} 1/2-1/2